La Esperanza de Pandora (Record no. 299)

MARC details
000 -LEADER
campo de control de longitud fija 01300nam a22001697a 4500
008 - DATOS DE LONGITUD FIJA--INFORMACIÓN GENERAL
campo de control de longitud fija 140829b xxu||||| |||| 00| 0 eng d
020 ## - NÚMERO INTERNACIONAL ESTÁNDAR DEL LIBRO
Número Internacional Estándar del Libro 8474327873
082 ## - NÚMERO DE LA CLASIFICACIÓN DECIMAL DEWEY
Número de clasificación 501
Número de ítem L359
100 ## - ENTRADA PRINCIPAL--NOMBRE DE PERSONA
Nombre de persona Latour, Bruno
9 (RLIN) 1398
245 ## - MENCIÓN DEL TÍTULO
Título La Esperanza de Pandora
Resto del título Ensayos sobre la realidad de los estudios de la ciencia
Mención de responsabilidad, etc. Bruno Latour
260 ## - PUBLICACIÓN, DISTRIBUCIÓN, ETC.
Lugar de publicación, distribución, etc. Barcelona
Nombre del editor, distribuidor, etc. Editorial Gedisa, S.A
Fecha de publicación, distribución, etc. 2001
300 ## - DESCRIPCIÓN FÍSICA
Extensión 382 p
Otras características físicas ill. col
Dimensiones 23 cm
505 ## - NOTA DE CONTENIDO CON FORMATO
Título La Esperanza de Pandora: Ensayos sobre la realidad de los estudios de la ciencia. Bruno Latour.
-- ¿Cree usted en la realidad? Noticias desde las trincheras de las guerras de la ciencia. La Referencia circulante, Muestreo de tierra en la selva amazónica. De la Fabricación a la Realidad, Pasteur y su fermento del ácido láctico. La historicidad de las cosas ¿Donde estaban los microbios antes de Pasteur?. Un colectivo de humanos y no humanos, Un recorrido por el laberinto de Dédalo. La invasión de las guerras de la ciencia, El pacto de Sócrates y Calicles. Una politica liberada de la ciencia, El cuerpo cosmopolito. La leve sorpresa de la acción, Hechos, Fetiches y Factiches. Conclusión ¿Que artificio consegurá liberar la esperanza de Pandora?
650 ## - PUNTO DE ACCESO ADICIONAL DE MATERIA--TÉRMINO DE MATERIA
Término de materia o nombre geográfico como elemento de entrada Sociologia y ciencias
9 (RLIN) 1399
655 ## - TERMINO DE INDIZACIÓN--GENERO/FORMA
Datos o término principal de género/forma Sociología
9 (RLIN) 1400
700 ## - ENTRADA AGREGADA--NOMBRE PERSONAL
Nombre de persona Bruno Latour
9 (RLIN) 1401
Holdings
Estatus retirado Estado de pérdida Fuente del sistema de clasificación o colocación Estado de daño No para préstamo Biblioteca de origen Biblioteca actual Ubicación en estantería Fecha de adquisición Total de préstamos Signatura topográfica completa Código de barras Visto por última vez Precio de reemplazo Tipo de ítem Koha
    Clasificación Decimal Dewey     Biblioteca LadoV Biblioteca LadoV   29/08/2014   501 L359 000300 29/08/2014 29/08/2014 Material 01